Grand Army of the Republic - Statistics

General Stats
  • This quiz has been taken 10 times
  • The average score is 37 of 456
Answer Stats
Rank/Position Unit Name % Correct
Private 9th Assault Corps41st Elite Corps Improcco Company Fi
90%
Captain 501st LegionTorrent Company Rex's Platoon 332nd Divison Rex's Resistance Network Rex
90%
Marshal Commander 7th Sky Corps212th Attack Battalion Cody
80%
Maintenance GAR 99
50%
ARC Corporal Clone Force 99501st Legion Domino Squad Rex's Resistance Network Echo
50%
ARC Lieutenant Domino Squad501st Legion Fives
50%
Senior Commander 501st Legion Appo
40%
Marshal Commander 327th Star Corps Bly
40%
Commando Sniper Clone Force 99Empire Rex's Resistance Network (Eventually) Crosshair
40%
Commander Coruscant Guard Fox
40%
Sergeant 501st Legion Fox
40%
Senior Commander 41st Elite Corps Gree
40%
Commando Sergeant Clone Force 99Rex's Resistance Network Hunter
40%
ARC Lieutenant 501st Legion332nd Division 332nd Company Rex's Squad Jesse
40%
Medic 501st LegionRex's Squad Kix
40%
Trooper in Training Clone Force 99Rex's Resistance Network Omega
40%
Commando Clone Force 99Rex's Resistance Network Wrecker
40%
Marshal Commander 21st Nova Corps Bacara
30%
Trooper 212th Attack BattalionGhost Company Boil
30%
Commando Sergeant Delta Squad Boss
30%
Commander Faie's UnitBogey Squad Faie
30%
ARC Captain The Munnilinst 10 Fordo
30%
Commando Captain 212th Attack BattalionFoxtrot Group Rex's Resistance Network
Lothal Resistance
Gregor
30%
Marshall Commander 91st Mobile Reconnaissance Corps Neyo
30%
Commando Clone Force 99Rex's Resistance Network Tech
30%
Captain 501st Legion 332nd Company Vaughn
30%
Lieutenant 212th Attack BattalionGhost Company Waxer
30%
Senior Commander 327th Star Corps7th Legion A'den
20%
Sergeant 2nd Airborne Company Barlex
20%
ARC Commander Rancor Battalion Blitz
20%
Bounty Hunter Clone Youth Brigade Boba Fett
20%
ARC Commander Rancor Battalion Colt
20%
Farmer GARDeserter Cut
20%
Trooper Domino SquadGAR Cutup
20%
Commando Private Yayax Squad Dev
20%
Commander K Company Deviss
20%
Trooper 501st Legion Dogma
20%
Commander Doom's Unit Doom
20%
Commando Private Delta Squad Fixer
20%
Cold Assault Trooper 44th Special Operations Division Fixer
20%
Sergeant 327th Star CorpsBacta Company 2nd Platoon Talon Squad Green
20%
Commander 2nd Battalion Grey
20%
Radio Communications Trooper GAR Hamm
20%
Trooper 501st LegionRex's Squad Hardcase
20%
Pilot Lieutenant 501st Legion Hawk
20%
ARC Lieutenant GARSpecial Operations Brigade Hawk
20%
Trooper Domino Squad Hevy
20%
ARF Sergeant Coruscant Guard Hound
20%
Pilot Republic Navy Hound
20%
Captain GAREmpire Rex's Resistance Network Howzer
20%
Captain Coruscant Guard 41st Ranger Platoon Jek
20%
Special Operations Commander Jet's UnitSpecial Operations Brigade Jet
20%
Pilot Commander Open Circle Fleet212th Attack Battalion Oddball (Davijaan)
20%
Commando Private Commando Commander Delta SquadAdvance Science Division Scorch
20%
Commando Private Delta Squad Sev
20%
Commando Lambda Squad Sev
20%
Gunner Sergeant Republic Navy Stew (Fury)
20%
Commander Coruscant Guard Thorn
20%
ARF Commander Trauma's Unit Trauma
20%
Trooper 501st LegionRex's Squad Tup
20%
Commander 104th 'Wolfpack' Battalion Lothal Resistance Wolffe
20%
Trooper Excelsior Company Ace
10%
ARC Trooper GAR Ace
10%
ARC Trooper GAR Aeon
10%
Trooper 212th Attack Battalion Airo
10%
Pilot Captain Republic NavyArcher's Squad Archer
10%
ARC Trooper GAR Arkat
10%
Pilot Blue Squadron Axe
10%
Sergeant Bank's Squad Banks
10%
Lieutenant 327th Star CorpsBacta Company 2nd Platoon Barr
10%
Trooper Fil's Squad Bel
10%
Trooper 501st Legion Bellow
10%
Private GAR Bellows
10%
Corporal 2nd Battalion Big-Mouth
10%
Stealth Operations Commander Stealth Ship Crew Blackout
10%
ARF Sergeant 501st Legion Boomer
10%
Sergeant 104th 'Wolfpack' Battalion Boost
10%
Commander 501st Legion Bow
10%
Pilot Shadow Squadron Broadside
10%
Commander Brolis' Force Brolis
10%
Trooper 41st Elite CorpsGreen Company Buzz
10%
Naval Officer Republic Navy Cade
10%
Trooper Torrent Company Cameron
10%
Captain Chainly's Unit Chainly
10%
Trooper 501st Legion Charger
10%
Trooper Heater's Squad Charlie
10%
Technician 182nd Legion Marrt's Squad Chatter
10%
Radio Communications Trooper GAR Chatter
10%
Trooper Breakout Squad Chatterbox
10%
Trooper Slick's Platoon Chopper
10%
Assassin EmpireGAR Clone X
10%
Corporal 104th "Wolfpack" Battalion Comet
10%
ARC Trooper GAR Comet
10%
Pilot Shadow Squadron Contrail
10%
Medic Sergeant 501st LegionTorrent Company Coric
10%
Pilot 104th "Wolfpack" Battalion Corvis
10%
Sergeant Clone Youth Brigade Crasher
10%
Lieutenant GAREmpire Crest
10%
Trooper 212th Attack Battalion Crys
10%
Cadet GARPrisoner in Advanced Science Division Empire Deke
10%
Trooper Torrent Company Denal
10%
Trooper GAREmpire Ding
10%
Trooper GAR Doc
10%
Trooper Tualon Yaluna's Company Doc
10%
Commander GAR Dox
10%
Trooper 41st Elite Corps Draa
10%
Trooper Domino SquadGAR Droidbait
10%
Trooper Tango Company Edge
10%
Pilot Red Squadron Engle
10%
Commander Fil's Squad Fil
10%
Trooper GAR Fil
10%
Trooper 41st Elite CorpsRex's Resistance Network Fireball
10%
Pilot Captain Gold Squadron Fireball
10%
Trooper GAR Flash
10%
Sergeant Fyn's Platoon Fyn
10%
Lieutenant 327th Star Corps Galle
10%
Commander 612th Attack Battalion Ganch
10%
Trooper 212th Attack Battalion Gearshift
10%
Trooper 501st LegionTorrent Company Ged
10%
Commander 41st Elite CorpsImprocco Company Gett
10%
ARC Trooper GARSpecial Operations Brigade Getter
10%
Pilot Red Squadron Goji
10%
Commander 5th Fleet Security Gojira
10%
Trooper Green Company Green Leader
10%
Trooper Rex's Resistance NetworkGAR Empire Greer
10%
Trooper Slick's Platoon Gus
10%
ARC Trooper Rancor Battalion Hammer
10%
ARC Commander Rancor Battalion Havoc
10%
Trooper Tango Company Havoc
10%
Trooper 91st Mobile Reconnaissance Corps Hawkeye
10%
Trooper Heater's Squad Heater
10%
Captain 18th Battalion Herc
10%
Trooper Mayday's SquadGAR Empire Hexx
10%
Sergeant Torrent Company Hez
10%
Cadet Clone Youth Brigade Hotshot
10%
Lieutenant 327th Star Corps Inc
10%
Trooper 501st LegionTorrent Company Ince
10%
Pilot Captain 127th Gunship Wing Jag
10%
Cadet Clone Youth Brigade Jax
10%
Commando Theta Squad Jay
10%
Commander GAR Jenk's Unit Jenks
10%
Trooper Slick's Platoon Jester
10%
ARC Trooper GAR Jester
10%
Sergeant 501st Legion Kano
10%
Corporal 2nd Battalion Kaylon
10%
Captain Outer Rim Garrison Keeli
10%
Pilot Blue Squadron Kickback
10%
Trooper GAREmpire Kicker
10%
Pilot Republic Navy Killer
10%
Trooper 501st Legion Koho
10%
Trooper GAR Kosmos
10%
Lieutenant Law's Squad Law
10%
Commando Special Operations BrigadeGAR Lio
10%
Captain Horn Company Lock
10%
Captain Breakout Squad Lock
10%
Trooper 212th Attack Battalion Longshot
10%
Trooper GARTorrent Company Lucky
10%
Trooper 501st LegionTorrent Company Lunn
10%
Pilot GARDiplomatic Escort Group Coruscant Guard Mack
10%
Sergeant 182nd LegionMarrt's Squad Marrt
10%
Pilot Shadow Squadron Matchstick
10%
Trooper 501st Legion Mixer
10%
Corporal 2nd Battalion Mixx
10%
Captain Mojo's UnitGAR Mojo
10%
SCUBA Commander Monnk's UnitGAR Monnk
10%
Cadet GAREmpire (Prisoner) Rex's Resistance Network Mox
10%
Trooper Torrent Company 501st Legion Nax
10%
Trooper 41st Elite CorpsEmpire
Rex's Resistance Network
Nemec
10%
Trooper Fil's Squad Niner
10%
Trooper Breakout Squad No-Nines
10%
Private 212th Attack BattalionEmpire Nova
10%
Trooper O'Niners Squad Nub
10%
Sergeant O'Niners SquadGAR O'Niner
10%
ARC Trooper GAR Orion
10%
Trooper Tango Company Ox
10%
Trooper 501st Legion Oz
10%
ARF Trooper Lightning Squadron Pax
10%
Trooper 212th Attack Battalion Peel
10%
Commander 91st Mobile Reconnaissance CorpsLightning Squadron Juma-9 Squad Ponds
10%
Sergeant Tango Company Pulsar
10%
Private Slick's Platoon Punch
10%
Trooper Hearer's Squad Racetrack
10%
Commando Sergeant GAR Racket
10%
ARF Trooper 91st Mobile Reconnaissance CorpsLightning Squadron Razor
10%
Commando Special Operations Brigade Red
10%
Commander GAR Red
10%
Commando Private Squad 40 Rede
10%
Trooper 501st Legion Redeye
10%
Trooper 212th Attack Battalion Reed
10%
Lieutenant 2nd Battalion Remo
10%
Sergeant Sev's Unit Remy's Squad Remy
10%
Trooper 501st LegionTorrent Company 332nd Division Ridge
10%
Trooper 501st LegionTorrent Company Ringo
10%
Pilot Commander 32nd Air Combat Wing Salvo
10%
Trooper Rex's Resistance Network Samson
10%
Commando Sergeant White Squad Aiwha Squad Sarge
10%
Trooper Tango Company Scythe
10%
Trooper Breakout Squad Sharp
10%
Captain 44th Special Operations Division Sharp
10%
Captain Navigation Officer in Republic Navy Silver
10%
Sergeant 104th Wolfpack Battalion Sinker
10%
Trooper Slick's Platoon Sketch
10%
Pilot Blue Squadron Slammer
10%
Sergeant Slick's Platoon Slick
10%
Naval Officer Republic Navy Slip
10%
Sergeant 2nd Battalion Soot
10%
Special Operations Pilot Stealth Ship Crew Spark
10%
Captain 302nd Battalion Sparks
10%
Captain Taulon Yaluna's Company Spider
10%
Trooper 612th Attack Battalion Squawk
10%
ARF Trooper 91st Mobile Reconnaissance CorpsLightning Squadron Stak
10%
Cadet Prisoner (Empire)Rex's Resistance Network Stak
10%
Trooper 2nd Battalion Stance
10%
Cold Assault Trooper 44th Special Operations Division Sten
10%
Trooper 501st Legion332nd Division Sterling
10%
Commander Coruscant Guard Stone
10%
Trooper Taulon Yaluna's Company Storm
10%
Captain 2nd Battalion Styles
10%
Pilot Blue Squadron Swoop
10%
Commander Tack's Regiment Tacks
10%
Pilot Shadow Squadron Tag
10%
Sergeant 35th Infantry Tel
10%
Commander Coruscant Guard Thire
10%
Sergeant GAREmpire Torrent
10%
Commando Ion Team Trace
10%
Pilot Hunter Squadron Tracer
10%
Trooper 212th Attack Battalion Tracker
10%
Lieutenant Tango Company Trap
10%
ARF Trooper 212th Attack Battalion Trapper
10%
Trooper 91st Mobile Reconnaissance Corps Trapper
10%
Pilot Blue Squadron501st Legion Tucker
10%
Major 327th Star CorpsHawkbat Battalion Twelve
10%
Commando First SquadAiwha Squad Tyto
10%
Captain Bacta Company Tyto
10%
Regimental Commander 501st LegionEmpire Vill
10%
Commander 501st LegionEmpire Voca
10%
Pilot Hunter Squadron104th 'Wolfpack' Battalion Warthog
10%
Cadet GAR Whiplash
10%
Captain Wilco's Company Wilco
10%
Trooper 104th 'Wolfpack' Battalion GAR Rebel Alliance Wildfire
10%
Trooper 212th Attack Battalion Ghost Company Wooley
10%
Trooper 212th Attack BattalionCody's Team Team One Empire Wyler
10%
Naval Officer Captain Republic Navy Zak
10%
Trooper GAR Able
0%
ARC Captain Special Operations Brigade A'den Skirata
0%
Pilot Commander 77th Air Wing Amp
0%
Sergeant GAR Ando
0%
Commando Private Omega Squad Atin Skirata
0%
Trooper Torrent Company Attie
0%
ARC Lieutenant GAR Aven
0%
Trooper Torrent Company Ayar
0%
Pilot Republic NavyGold Squadron Bammer
0%
Commando GAR Baris
0%
ARF Commando GAR Barrage
0%
Sergeant GAR Basher
0%
Trooper 35th Infantry Bek
0%
Gunner Clone Scouts Blasty
0%
Cold Assault Trooper 44th Special Operations Divison Blunt
0%
Sergeant GAR Bolt
0%
Medic Torrent Company Boro
0%
Trooper Pastil Station Unit Bouncer
0%
Captain GAR Breaker
0%
Trooper Breakout Squad Breaker
0%
Petty Officer Republic Navy Bren
0%
Commando Galaar SquadSquad 40 Bry
0%
Captain GAR Burner
0%
Trooper GAR Byl
0%
Trooper 212th Attack Battalion Cale
0%
Pilot Gold Squadron Can
0%
Trooper Law's SquadGAR Cannon
0%
ARC General GAR Cards
0%
ARC Captain Graul Company Carg
0%
Captain Company 326 Cesar
0%
ARC Trooper GAR Chaos
0%
Trooper GAR Checkbox
0%
Trooper 501st LegionTorrent Company Checkers
0%
Sergeant Improcco Company Clanky
0%
Commando Captain Ion Team Climber
0%
Trooper Breakout Squad Close-Shave
0%
Commander Thustra Strikeforce Clutch
0%
Sharpshooter 41st Elite CorpsGreen Company Cooker
0%
Commando Private Omega Squad Corr Skirata
0%
Commando Sergeant Yayax Squad Cov
0%
Trooper Foot Patrol 7Empire Crag
0%
Commander 184th Attack Battalion Crane
0%
Pilot Bank's Squad Crazy-Legs
0%
Trooper Bank's Squad Cutter
0%
Trooper 501st LegionTorrent Company Dandy
0%
Commando Private Omega Squad Squad 40 Darman Skirata
0%
Trooper 44th Special Operations Divison Deadeye
0%
Commando Sergeant Vevut Squad Dec
0%
Trooper Torrent Company Del
0%
Lieutenant (Naval Officer) Republic Navy Derel
0%
ARC Trooper GAR Dice
0%
ARC Lieutenant Special Operations Brigade Digger
0%
Commando Aiwha Squad Di'kut
0%
Trooper Excelsior Company Dom
0%
Commando GAR Dov
0%
Trooper Leh'ahnyo Vas' Unit Drak
0%
Captain Kothlis Battle Group Drayk
0%
Pilot Republic Starfighter Corps Drift
0%
Trooper 501st Legion Empire Dropkick
0%
Trooper Breakout Squad Dyre
0%
Scientist Advanced Science Division Emerie Karr
0%
Commando Galaar SquadSquad 40 Ennen
0%
Trooper 212th Attack Battalion Eyeball
0%
ARF Trooper GARExcelsior Company Falco
0%
Commando Private Omega Squad Fi Skirata
0%
Pilot GAR Five-Seven
0%
Private Juma-9 Squad Flak
0%
Trooper GAR Flanker
0%
Pilot Gold Squadron Flashpoint
0%
Trooper Tualon Yaluna's Company Flip
0%
Commander GAR Flybane
0%
Pilot Shadow Squadron Flyby
0%
Commando GAR Forr
0%
Trooper Ord Cestus Squad Forry
0%
Captain GAR Four-Nine
0%
Pilot Lieutenant Haruun Kal Orbit Unit Four-One
0%
ARC Trooper GAR Freedom
0%
ARC Trooper GAR Frost
0%
Sergeant 38th Armored Division Gaffa
0%
Commando Special Operations Brigade Gar'ika
0%
Trooper Bank's SquadGAR CIS Ghost
0%
Trooper Law's Squad Glitch
0%
Commando Sergeant Special Operations Brigade Green Wizard
0%
Trooper 501st Legion Gunner
0%
ARC Trooper GAR Guts
0%
ARC Trooper Special Operations Brigade Hash
0%
Trooper Torrent Company Hil
0%
Trooper Law's Squad Horns
0%
Commando Commander Special Operations Brigade Aurek Squad Husk
0%
ARC Commander Ord Cestus Squad Jangotat (Nate)
0%
Cold Assault Trooper 44th Special Operations Division Jark
0%
Trooper GAR1st Platoon Jayk
0%
Commando Aiwha-3 Squad Jez
0%
Commando Yayax SquadGAR Jind
0%
Pilot Torrent Company Jinx
0%
Trooper 501st LegionTorrent Company Joc
0%
Sergeant GAR Joker
0%
Major Squad SevenGAR Jorir
0%
Lieutenant Rylorii Minor Squad Jumpy
0%
ARC Trooper GAR Justice
0%
Trooper GAREmpire Kaddak
0%
Pilot Captain GAREmpire Kagi
0%
Commando Special Operations Brigade GAR Kef
0%
Commander GAR Keller
0%
ARC Trooper GAR King
0%
Commander GAR Kite
0%
Pilot GAREmpire New Republic Klick
0%
Pilot Republic Starfighter Corps Knack
0%
Trooper Breakout Squad Knuckles
0%
Trooper 182nd LegionMarrt's Squad Knuckles
0%
Medic Captain GAR Korbel
0%
Commando Special Operations Brigade Tark Squad Kupe
0%
Trooper Tualon Yaluna's Company Last-Man
0%
Regimental Commander 35th Infantry Levet
0%
Commando Sergeant 18th Battalion Lex
0%
Commander Glid Station UnitGAR Mag
0%
ARC Trooper GARSpecial Operations Brigade Mapper
0%
ARC Trooper GARSpecial Operations Brigade Mar'ek
0%
Commander GAREmpire Mayday
0%
ARC Captain GARSpecial Operations Brigade Maze
0%
ARC Trooper GAR Menace
0%
ARC Lieutenant GARSpecial Operations Brigade Mereel Skirata
0%
Commando GAR Mort
0%
Covert Ops Trooper Special Operations BrigadeClone Intelligence Moz
0%
ARC Captain GAR Muzzle
0%
Trooper Tualon Yaluna's Company Nexu
0%
Trooper Tualon Yaluna's Company Nic
0%
Commando Captain Special Operations Brigade Tark Squad Nilo
0%
Commando Sergeant Lambda SquadSquad 40 Omega Squad Empire Niner Skirata
0%
Trooper Improcco Company Nye
0%
Medic 1st PlatoonGAR Oake
0%
Commando Lambda Squad O-Four
0%
Covert Ops Trooper Special Operations BrigadeClone Intelligence Olun
0%
ARC Captain Special Operations Brigade GAR Ordo Skirata
0%
Medic Excelsior Company Patch
0%
ARC Trooper GAR Patches
0%
ARC Lieutenant Special Operations Brigade GAR Prudii Skirata
0%
Commando Tark Squad Quo
0%
Trooper 1st Platoon Rafe
0%
ARC Trooper GAR Rain
0%
Commando Special Operations BrigadeBravo Squad Ram
0%
Commando Ion Team Ras
0%
Clone Stormtrooper GAREmpire Rattle
0%
Scout 182nd LegionMarrt's Squad Recon
0%
Trooper Tualon Yaluna's Company Rocko
0%
Pilot Red Squadron Rod
0%
Pilot Republic Navy Ronto
0%
Trooper 501st Legion Rookie
0%
Trooper 501st LegionTorrent Company Ross
0%
Trooper Coruscant Guard Rys
0%
Pilot Gold Squadron Sandcat
0%
Trooper 104th Wolfpack Battalion Scope
0%
Commando Captain GAR Scraps
0%
Trooper Ord Cestus Squad Seefor
0%
Trooper GAR Seeker
0%
Cold Assault Trooper Glid Station Unit Shiv
0%
ARC Trooper Tacks' Regiment Shock
0%
Pilot Red Group Shooter
0%
Pilot Special Operations Brigade Sicko
0%
Trooper Ord Cestus Squad Sirty
0%
Pilot GAR Skifter
0%
Pilot Republic Starfighter Corps Slider
0%
Trooper GAR Slim
0%
Trooper Excelsior Company Slug
0%
ARC Trooper Special Operations Brigade Spade
0%
Corporal GAR Spanner
0%
Cold Assault Trooper 44th Special Operations Division Spitter
0%
Medic Excelsior Company Splice
0%
ARC Trooper GAR Spots
0%
Cold Assault Trooper 104th Wolfpack Battalion Sprint
0%
ARC Lieutenant The Muunilisnt 10 Stec
0%
Commander Sivad's Company Sticks
0%
Pilot Arrow Squadron Stinger
0%
Commando Private Gamma Squad Stoker
0%
Pilot Shadow Squadron Striker
0%
Pilot Republic Starfighter Corps Stub
0%
ARC Lieutenant Special Operations Brigade Sull
0%
Sergeant 91st Mobile Reconnaissance CorpsSwift's Squadron Swift
0%
Private Bank's Squad Syke
0%
Commando Sergeant Theta Squad Taler
0%
Commando GAR Tam
0%
ARC Trooper GAR Tavo
0%
Trooper GAR Tenn
0%
Commander 302nd Battalion Theo
0%
Sergeant GAR Thill
0%
Trooper 212th Attack Battalion Threepwood
0%
Medic 1st PlatoonGAR Tojo
0%
Trooper GAR Toomer
0%
ARC Trooper Special Operations Brigade Tooth
0%
ARC Commander GAR Trantos
0%
Sergeant 18th Battalion Troy
0%
Trooper Breakout Squad Trueblood
0%
ARC Trooper GAR Turbo
0%
Trooper 501st Legion Twitch
0%
Trooper Torrent Company 501st Legion Vaize
0%
ARC Trooper GAR Valiant
0%
Commander Excelsior Company Vargus
0%
Trooper Mayday's Squad Veetch
0%
Sergeant GAR Ven
0%
Trooper Torrent Company 501st Legion Vere
0%
Commando Theta Squad Vin
0%
ARC TrooperG GAR Wave
0%
Trooper Talon Yaluna's Company Whirl
0%
Pilot Hammer Squadron Wingnut
0%
ARC Trooper Special Operations Brigade Wrench
0%
Commando Talk Squad Xoni
0%
Pilot Ord Cestus Squad Xutoo
0%
Commando Yayax Squad Yover
0%
Commando Sergeant Theta SquadronAiwha Squad Zag
0%
Trooper GAR Zap
0%
Trooper 501st LegionTorrent Company Zeer
0%
Sergeant 1st Platoon Zeke
0%
Trooper Tack's Regiment Zeta
0%
No matching quizzes found
Score Distribution
Percent of People with Each Score
Percentile by Number Answered
Your Score History
You have not taken this quiz